20 häufigste Substantive (in Romanen) - Statistiken

Allgemein
  • Dieses Quiz wurde 15 mal gespielt
  • Das Durchschnittsergebnis liegt bei 8 aus 20
Antwortstatistiken
Rang Wort % Korrekt
2. Frau
77%
14. Haus
77%
12. Kind
77%
1. Mann
77%
4. Tag
62%
18. Tür
54%
7. Jahr
46%
8. Kopf
46%
10. Mutter
46%
6. Zeit
46%
15. Mensch
38%
9. Vater
38%
5. Auge
31%
3. Hand
31%
19. Wort
23%
11. Gesicht
15%
13. Leben
15%
16. Blick
8%
17. Ander...
0%
20. Herr
0%
Keine übereinstimmenden Quizze gefunden
Verteilung der Resultate
Anzahl Personen mit jedem Resultat
Perzentil nach korrekt beantworteten Fragen
Ihre Resultats-Entwicklung
Sie haben dieses Quiz noch nicht gespielt